[Event "ICS rated blitz match"]
[Site "207.99.83.227"]
[Date "1999.04.08"]
[Round "?"]
[White "nimraz"]
[Black "Hossa"]
[Result "0-1"]
[WhiteElo "2353"]
[BlackElo "2456"]
[PlyCount "90"]

1. g3 e5 2. Bg2 Nc6 3. b3 d5 4. Bb2 Bg4 5. h3 Bf5 6. d3 Nf6 7. Nd2 Bb4 8. Ngf3
Qe7 9. O-O O-O-O 10. a3 Bxd2 11. Nxd2 h5 12. c4 Be6 13. Rc1 Qd7 14. Kh2 d4 15.
b4 Ne7 16. b5 Rdg8 17. Nb3 b6 18. c5 Qxb5 19. cxb6 Qxb6 20. Rc4 Bxc4 21. dxc4
Qe6 22. Qd3 Qf5 23. Qd1 h4 24. g4 Qe6 25. Qc2 Rf8 26. a4 Nc6 27. Ba3 d3 28.
exd3 Rd8 29. Nc5 Nd4 30. Qc3 Nxg4+ 31. hxg4 Qxg4 32. Qb2 Rdg8 33. f3 Qf4+ 34.
Kh1 Qf5 35. Qb7+ Kd8 36. f4 h3 37. Be4 Qg4 38. Qc6 Nxc6 39. Bxc6 exf4 40. Nb7+
Kc8 41. Nc5 Qg3 42. Bb7+ Kd8 43. Rb1 f3 44. Bxf3 Qxf3+ 45. Kg1 45... Qg2# {
nimraz checkmated} 0-1

[Event "ICS rated blitz match"]
[Site "207.99.83.227"]
[Date "1999.04.08"]
[Round "?"]
[White "Hossa"]
[Black "guchess"]
[Result "1-0"]
[WhiteElo "2467"]
[BlackElo "2276"]
[PlyCount "31"]

1. e4 c5 2. Bc4 e6 3. Nc3 a6 4. a4 b6 5. Nf3 Bb7 6. O-O d6 7. d4 Nd7 8. d5 e5
9. Be3 Ngf6 10. Bg5 Be7 11. Qe2 O-O 12. Rae1 Nxd5 13. Bxd5 Bxd5 14. Bxe7 Qxe7
15. Nxd5 Qd8 16. Rd1 {guchess resigns} 1-0

[Event "ICS rated blitz match"]
[Site "207.99.83.227"]
[Date "1999.04.08"]
[Round "?"]
[White "guchess"]
[Black "Hossa"]
[Result "0-1"]
[WhiteElo "2268"]
[BlackElo "2475"]
[PlyCount "68"]

1. d4 Nf6 2. c4 g6 3. Nc3 Bg7 4. e4 d6 5. f3 O-O 6. Bg5 Nc6 7. Qd2 Ne8 8. d5
Nb4 9. a3 Na6 10. Bd3 Nc5 11. Bc2 b6 12. b4 Nd7 13. Nge2 Ne5 14. Bb3 a5 15. b5
f6 16. Be3 f5 17. O-O a4 18. Nxa4 Nxc4 19. Bxc4 Bxa1 20. Rxa1 Rxa4 21. Bb3 Ra8
22. Nd4 Bd7 23. Nc6 Bxc6 24. dxc6+ Kh8 25. Be6 fxe4 26. fxe4 Nf6 27. Qd4 Ra7
28. Bc1 Qa8 29. Bb2 Ra4 30. Qc3 Rxe4 31. Rf1 Rxe6 32. g4 Re4 33. h3 e5 34. Qf3
34... Rf4 {guchess resigns} 0-1

[Event "ICS rated bullet match"]
[Site "207.99.83.227"]
[Date "1999.04.08"]
[Round "?"]
[White "guchess"]
[Black "Hossa"]
[Result "0-1"]
[WhiteElo "2084"]
[BlackElo "2448"]
[PlyCount "66"]

1. d3 e5 2. Nd2 Nf6 3. g3 Bc5 4. Bg2 O-O 5. e3 d5 6. c3 Bg4 7. Ne2 Bxe2 8. Qxe2
Nc6 9. O-O Qd7 10. d4 exd4 11. exd4 Rae8 12. Qd1 Bd6 13. Nf3 Qg4 14. Bg5 Ne4
15. h3 Qe6 16. Be3 Nxg3 17. fxg3 Qxe3+ 18. Kh2 Ne7 19. Re1 Qf2 20. Rf1 Bxg3+
21. Kh1 Qxb2 22. Rc1 Qb5 23. Rc2 Nf5 24. Ne5 Ne3 25. Qe2 Qxe2 26. Rxe2 Nxf1 27.
Bxf1 Bxe5 28. dxe5 Re6 29. h4 Rh6 30. Kg2 Rxh4 31. e6 fxe6 32. Rxe6 Ra4 33. Kg3
33... Rxf1 {guchess resigns} 0-1

[Event "ICS rated blitz match"]
[Site "207.99.83.227"]
[Date "1999.04.08"]
[Round "?"]
[White "Hossa"]
[Black "guchess"]
[Result "1-0"]
[WhiteElo "2482"]
[BlackElo "2261"]
[PlyCount "111"]

1. e4 c5 2. Bc4 e6 3. Nc3 Nc6 4. Nf3 Nge7 5. O-O Nd4 6. d3 Nec6 7. Nxd4 Nxd4 8.
Be3 Be7 9. Na4 O-O 10. c3 b5 11. cxd4 bxc4 12. dxc4 cxd4 13. Qxd4 Bb7 14. Rad1
Bc6 15. Nc3 Qa5 16. c5 f5 17. b4 Qa6 18. b5 Bxb5 19. Nxb5 Qxb5 20. Qxd7 Qxd7
21. Rxd7 f4 22. Rxe7 fxe3 23. Rxe6 exf2+ 24. Rxf2 Rxf2 25. Kxf2 Kf7 26. Ra6 Ke7
27. a4 Kd7 28. e5 Kc7 29. Ke3 Kb7 30. Rd6 Re8 31. Kd4 a5 32. Rd7+ Kc6 33. Rxg7
Rd8+ 34. Kc3 Kxc5 35. Rxh7 Rd5 36. Re7 Rd1 37. Rb7 Rg1 38. Rb5+ Kc6 39. g3 Rg2
40. Rb2 Rg1 41. Kd4 Rd1+ 42. Ke4 Re1+ 43. Kf5 Ra1 44. Rc2+ Kd7 45. e6+ Ke7 46.
Rc7+ Ke8 47. Kf6 Rf1+ 48. Ke5 Re1+ 49. Kd5 Rd1+ 50. Kc6 Ra1 51. Kb5 Ra2 52. h3
Ra3 53. Rg7 Kf8 54. e7+ Ke8 55. Kxa5 Rb3 56. h4 {guchess resigns} 1-0

[Event "ICS rated blitz match"]
[Site "207.99.83.227"]
[Date "1999.04.08"]
[Round "?"]
[White "Hossa"]
[Black "guchess"]
[Result "1-0"]
[WhiteElo "2496"]
[BlackElo "2247"]
[PlyCount "65"]

1. e4 e6 2. Nf3 c5 3. Bb5 a6 4. Be2 b5 5. O-O Bb7 6. d3 d6 7. Be3 Nd7 8. a4 b4
9. c3 a5 10. Nbd2 Ngf6 11. cxb4 cxb4 12. Bd4 e5 13. Be3 Be7 14. Bg5 O-O 15. Rc1
Rc8 16. Rxc8 Qxc8 17. d4 exd4 18. Nxd4 Ne5 19. Bb5 h6 20. Nf5 Qd8 21. Nxh6+
gxh6 22. Bxh6 Nxe4 23. Bxf8 Qxf8 24. Nb3 Qg7 25. f3 Ng5 26. Kh1 Qf6 27. Nxa5
Ba8 28. f4 Ngf3 29. fxe5 Qxe5 30. gxf3 Qf4 31. Bc6 Bf6 32. Bxa8 Be5 33. Qe2 {
guchess resigns} 1-0

[Event "ICS rated blitz match"]
[Site "207.99.83.227"]
[Date "1999.04.08"]
[Round "?"]
[White "guchess"]
[Black "Hossa"]
[Result "0-1"]
[WhiteElo "2241"]
[BlackElo "2502"]
[PlyCount "42"]

1. d4 Nf6 2. c4 g6 3. h4 d6 4. h5 Nxh5 5. e4 Bg7 6. Nc3 e5 7. d5 h6 8. g4 Nf6
9. g5 hxg5 10. Rxh8+ Bxh8 11. Bxg5 Nbd7 12. Qf3 Nc5 13. Qh1 Bg7 14. f3 Bd7 15.
Qh4 Qe7 16. O-O-O O-O-O 17. Nb5 Rh8 18. Qf2 Bxb5 19. cxb5 Nfxe4 20. Bxe7 Nxf2
21. Rd2 21... Bh6 {guchess resigns} 0-1

[Event "ICS rated blitz match"]
[Site "207.99.83.227"]
[Date "1999.04.08"]
[Round "?"]
[White "Hossa"]
[Black "nimraz"]
[Result "1-0"]
[WhiteElo "2523"]
[BlackElo "2330"]
[PlyCount "75"]

1. e4 g6 2. Be2 Bg7 3. Nc3 c5 4. Nf3 Nc6 5. O-O Nf6 6. d4 cxd4 7. Nxd4 O-O 8.
Be3 Qc7 9. Qd3 d6 10. Rad1 a6 11. Bf3 Ne5 12. Qe2 b5 13. Bg5 Bb7 14. Bxf6 Bxf6
15. Qe3 Rac8 16. Be2 Nc4 17. Bxc4 Qxc4 18. a3 b4 19. Na4 Qb5 20. Nxb5 axb5 21.
Nb6 Rxc2 22. Nd7 Bxb2 23. Nxf8 bxa3 24. Qb6 Bxe4 25. Qd8 Kg7 26. Nd7 g5 27.
Qxe7 d5 28. Qxg5+ Bg6 29. Qxd5 b4 30. Qa8 Bf5 31. Qf8+ Kg6 32. Rd6+ Be6 33.
Qg8+ Bg7 34. Nf8+ Kf6 35. Rxe6+ fxe6 36. Qxe6+ Kg5 37. f4+ Kh4 38. Qh3# {
nimraz checkmated} 1-0

[Event "ICS rated blitz match"]
[Site "207.99.83.227"]
[Date "1999.04.08"]
[Round "?"]
[White "nimraz"]
[Black "Hossa"]
[Result "0-1"]
[WhiteElo "2322"]
[BlackElo "2531"]
[PlyCount "88"]

1. e4 c5 2. Nf3 Nc6 3. d4 cxd4 4. Nxd4 Qb6 5. Nf3 e6 6. Bd3 Bc5 7. O-O Nf6 8.
a3 Ng4 9. Qe2 O-O 10. b4 Bd6 11. Bb2 Qc7 12. h3 Nge5 13. Nbd2 Kh8 14. Rac1 Ng6
15. Rfe1 Be5 16. c3 Nf4 17. Qf1 d6 18. Bb1 Bf6 19. g3 Nh5 20. Nd4 Bg5 21. Red1
Rb8 22. Qg2 Bxd2 23. Rxd2 b5 24. c4 Nxd4 25. Rxd4 e5 26. Rdd1 bxc4 27. Ba2 Be6
28. f4 Qb6+ 29. Kh2 exf4 30. gxf4 c3 31. Bxc3 Qe3 32. Bd2 Qxa3 33. Bxe6 fxe6
34. Rc7 Qb2 35. Rg1 Rbc8 36. Rxc8 Rxc8 37. e5 dxe5 38. Qg4 Qxd2+ 39. Rg2 Qxf4+
40. Qxf4 exf4 41. Re2 f3 42. Rxe6 Rc2+ 43. Kh1 Ng3+ 44. Kg1 44... Rg2# {
nimraz checkmated} 0-1

[Event "ICS rated blitz match"]
[Site "207.99.83.227"]
[Date "1999.04.08"]
[Round "?"]
[White "Hossa"]
[Black "nimraz"]
[Result "1-0"]
[WhiteElo "2538"]
[BlackElo "2315"]
[PlyCount "99"]

1. e4 c5 2. Bc4 Nc6 3. f4 Nf6 4. d3 e6 5. e5 d5 6. exf6 dxc4 7. fxg7 Bxg7 8.
dxc4 Qxd1+ 9. Kxd1 Nd4 10. c3 Nf5 11. Nf3 Bd7 12. Bd2 O-O-O 13. Kc1 Bc6 14. Rf1
h5 15. Na3 Rd3 16. Ne1 Rd7 17. Nb5 Kb8 18. Rf2 Rhd8 19. g3 a6 20. Na3 Nd6 21.
Re2 Ne4 22. Nb1 f5 23. Nc2 h4 24. gxh4 Bf6 25. h5 Rg8 26. Be3 Rgd8 27. Nd2 b6
28. h6 Kb7 29. h3 Kc7 30. Na3 Kb7 31. Nab1 Ng3 32. Re1 Bh4 33. Bf2 Rd3 34. Rxe6
Ne4 35. Bxh4 Rg8 36. Re7+ Kc8 37. Rg7 Rh8 38. h7 Rxh3 39. Rg8+ Kd7 40. Nxe4
Bxe4 41. Rxh8 Rxh4 42. b3 Rh1+ 43. Kb2 Rh2+ 44. Ka3 Kc7 45. Nd2 Bc6 46. Rg1 b5
47. Rg7+ Kb6 48. Rb8+ Ka5 49. b4+ cxb4+ 50. cxb4# {nimraz checkmated} 1-0

[Event "ICS rated blitz match"]
[Site "207.99.83.227"]
[Date "1999.04.08"]
[Round "?"]
[White "Hossa"]
[Black "amgam"]
[Result "1-0"]
[WhiteElo "2555"]
[BlackElo "2442"]
[PlyCount "73"]

1. e4 Nf6 2. e5 Nd5 3. Nc3 Nxc3 4. dxc3 Nc6 5. Nf3 g6 6. Bb5 Bg7 7. Bf4 a6 8.
Bxc6 bxc6 9. O-O O-O 10. b3 d5 11. Qd2 Bg4 12. Qd3 Qd7 13. Rac1 f6 14. exf6
Rxf6 15. Ne5 Qf5 16. Nxg4 Qxg4 17. Bxc7 Raf8 18. Qxa6 Bh6 19. Rce1 e6 20. Bd6
R8f7 21. Qxc6 Bf4 22. Qe8+ Kg7 23. h3 Qf5 24. Be7 Bc7 25. Bxf6+ Qxf6 26. Qxe6
Qf4 27. g3 Qf3 28. Re3 Qh5 29. g4 Qg5 30. a3 Qf4 31. Rg3 Qd2 32. Re3 Bf4 33.
Rd3 Qxc2 34. Qxd5 Qe2 35. Rfd1 Bc7 36. R3d2 Qf3 37. Qxf3 {amgam resigns} 1-0

[Event "ICS rated blitz match"]
[Site "207.99.83.227"]
[Date "1999.04.08"]
[Round "?"]
[White "doom"]
[Black "Hossa"]
[Result "0-1"]
[WhiteElo "2227"]
[BlackElo "2565"]
[PlyCount "78"]

1. d4 Nf6 2. c4 g6 3. g3 Bg7 4. Bg2 O-O 5. Nf3 d6 6. O-O Bg4 7. Nc3 Nc6 8. d5
Na5 9. Qd3 Rc8 10. b4 Bf5 11. e4 Nxe4 12. Nxe4 Bxa1 13. Bh6 Bg7 14. Bxg7 Kxg7
15. bxa5 Kg8 16. Qd4 c5 17. dxc6 bxc6 18. Nh4 Qxa5 19. Nxf5 gxf5 20. Ng5 h6 21.
Nh3 Qxa2 22. Qh4 Rc7 23. Qxh6 f6 24. Qg6+ Kh8 25. Qh6+ Kg8 26. Nf4 Qxc4 27.
Qg6+ Kh8 28. Qh6+ Kg8 29. Ng6 Rfc8 30. Re1 e5 31. Bh3 Rh7 32. Ne7+ Rxe7 33.
Bxf5 Rb8 34. Re4 Rb1+ 35. Kg2 Qf1+ 36. Kf3 Qh1+ 37. Kg4 Rf1 38. h4 Rg7+ 39. Kh5
39... Rg5+ {doom resigns} 0-1

[Event "ICS rated blitz match"]
[Site "207.99.83.227"]
[Date "1999.04.08"]
[Round "?"]
[White "Hossa"]
[Black "doom"]
[Result "1-0"]
[WhiteElo "2569"]
[BlackElo "2226"]
[PlyCount "63"]

1. e4 Nf6 2. e5 Nd5 3. Nc3 Nxc3 4. dxc3 g6 5. Nf3 Bg7 6. Bf4 d6 7. Bc4 Nc6 8.
exd6 cxd6 9. Ng5 O-O 10. O-O h6 11. Nxf7 Rxf7 12. Bxf7+ Kxf7 13. Qd5+ e6 14.
Qd2 Ne5 15. Bxh6 Bxh6 16. Qxh6 Qf6 17. Rad1 d5 18. Rde1 Nc6 19. Re3 Qg7 20. Qg5
Bd7 21. Rd1 Rh8 22. Qf4+ Qf6 23. Qc7 Qd8 24. Qxb7 Rh7 25. c4 d4 26. Rg3 Kg7 27.
a3 Rh5 28. a4 Qc8 29. Qb3 Rh8 30. Re1 Qc7 31. Qd3 Rb8 32. Qxg6+ {doom resigns}
1-0

[Event "ICS rated blitz match"]
[Site "207.99.83.227"]
[Date "1999.04.08"]
[Round "?"]
[White "nimraz"]
[Black "Hossa"]
[Result "0-1"]
[WhiteElo "2392"]
[BlackElo "2573"]
[PlyCount "130"]

1. g3 e5 2. Bg2 Nc6 3. c4 Bc5 4. Nc3 Nf6 5. Nf3 O-O 6. O-O d5 7. cxd5 Nxd5 8.
Nxd5 Qxd5 9. d3 Bg4 10. Qa4 Nd4 11. Nxd4 Qxd4 12. Qxd4 exd4 13. Re1 Bb4 14. Bf4
Bxe1 15. Rxe1 c6 16. h3 Be6 17. a3 Bb3 18. Rc1 Rfe8 19. Kf1 Re6 20. Bf3 Rae8
21. Kg2 f6 22. h4 Kf7 23. Rc5 b6 24. Rc1 c5 25. h5 a5 26. g4 Rxe2 27. Bxe2 Rxe2
28. Bc7 Bd5+ 29. Kg3 Rxb2 30. a4 Rb4 31. Re1 Bb3 32. Bd6 Bxa4 33. Re7+ Kg8 34.
f4 Rb3 35. g5 Rxd3+ 36. Kh4 Rd1 37. h6 fxg5+ 38. Kxg5 Rg1+ 39. Kf5 Bc2+ 40. Ke6
Rg6+ 41. Kd5 Rxh6 42. Be5 Bb3+ 43. Ke4 Rg6 44. f5 Rg4+ 45. Kf3 Bd1+ 46. Kf2 Bc2
47. Bc7 b5 48. Bb6 Rf4+ 49. Kg3 Rxf5 50. Bxa5 b4 51. Rb7 b3 52. Kg4 c4 53. Be1
c3 54. Bg3 b2 55. Bd6 b1=Q 56. Rxb1 Bxb1 57. Bb4 Rf1 58. Ba3 c2 59. Kg3 c1=Q
60. Bxc1 Rxc1 61. Kf2 Rd1 62. Ke2 Rh1 63. Kf2 d3 64. Ke3 Re1+ 65. Kf2 65... d2
{nimraz resigns} 0-1

[Event "ICS Rated blitz match"]
[Site "207.99.83.227"]
[Date "1999.04.08"]
[Round "?"]
[White "Hossa"]
[Black "matar"]
[Result "1/2-1/2"]
[WhiteElo "2588"]
[BlackElo "2339"]
[PlyCount "109"]

1. e4 c5 2. Bc4 e6 3. Nc3 Nc6 4. Nf3 Nf6 5. O-O d5 6. exd5 exd5 7. Bb5 Bd6 8.
Re1+ Be6 9. Ng5 O-O 10. Bxc6 bxc6 11. Nxe6 fxe6 12. Rxe6 Qd7 13. Re2 Ng4 14. h3
Nh2 15. d3 Nf3+ 16. gxf3 Qxh3 17. f4 Rf6 18. Re3 Rg6+ 19. Rg3 Rxg3+ 20. fxg3
Qxg3+ 21. Kf1 Rf8 22. Ne2 Qf3+ 23. Ke1 Re8 24. c4 d4 25. Rb1 a5 26. b3 h5 27.
Rb2 h4 28. Kd2 Qg2 29. Kc2 h3 30. Kb1 h2 31. Nc3 h1=Q 32. Rxg2 Qxg2 33. Ne4
Rxe4 34. dxe4 Qxe4+ 35. Qc2 d3 36. Qd2 Qf5 37. Kb2 Kf7 38. Kc3 Kf6 39. Qxd3
Qxd3+ 40. Kxd3 Kf5 41. Bd2 Bxf4 42. Bxa5 g5 43. Bd2 g4 44. Be3 g3 45. Bxc5 g2
46. Bg1 Kg4 47. Ke4 Bd6 48. c5 Bc7 49. Ke3 Kh3 50. a4 Bh2 51. Kf2 Bg3+ 52. Ke2
Bh2 53. Kf2 Bg3+ 54. Ke2 Bh2 55. Kf2 {Game drawn by repetition} 1/2-1/2

[Event "ICS rated blitz match"]
[Site "207.99.83.227"]
[Date "1999.04.08"]
[Round "?"]
[White "matar"]
[Black "Hossa"]
[Result "1/2-1/2"]
[WhiteElo "2349"]
[BlackElo "2578"]
[PlyCount "64"]

1. e4 c5 2. Nf3 Nc6 3. Bb5 a6 4. Bxc6 dxc6 5. h3 Nf6 6. d3 e6 7. a4 Be7 8. O-O
O-O 9. Nc3 Bd7 10. Qe2 Qe8 11. b3 Kh8 12. Ba3 a5 13. Qe3 b6 14. Bb2 Rd8 15. Ne5
Bc8 16. Nc4 Nd7 17. e5 Ba6 18. Ne4 Bxc4 19. bxc4 Kg8 20. Rfe1 Rc8 21. Qg3 Kh8
22. Rab1 Rd8 23. Re3 Rg8 24. Rf3 Rc8 25. Re1 Ra8 26. Qg4 Rd8 27. Ree3 Rc8 28.
Rg3 Rd8 29. Ref3 Rc8 30. Qf4 Rf8 31. Qg4 Rg8 32. Qf4 32... Rf8 {
Game drawn by mutual agreement} 1/2-1/2

[Event "ICS rated blitz match"]
[Site "207.99.83.227"]
[Date "1999.04.08"]
[Round "?"]
[White "Hossa"]
[Black "matar"]
[Result "0-1"]
[WhiteElo "2569"]
[BlackElo "2358"]
[Annotator "Crafty v16.6"]
[PlyCount "83"]

{annotating for player Hossa using a scoring margin of +0.10 pawns. search
time limit is 20.00} 1. e4 1... c5 2. Bc4 e6 3. Nc3 Nc6 4. Nf3 Nf6 5. O-O d5 6.
exd5 exd5 7. Bb5 Bd6 8. Re1+ Be6 9. Ng5 O-O 10. Bxc6 bxc6 11. Nxe6 fxe6 12.
Rxe6 Qd7 13. Re2 Ng4 14. h3 Nh2 15. d3 Nf3+ 16. gxf3 Qxh3 17. f4 Rf6 18. Re3
Rg6+ 19. Rg3 Rxg3+ 20. fxg3 Qxg3+ 21. Kf1 Rf8 22. Ne2 Qf3+ 23. Ke1 h5 24. c4 d4
25. b3 h4 26. Kd2 ({8:-1.06} 26. Kd2 26... Re8 27. b4 Re3 28. Qe1 Bxf4 29. Kd1
Rxd3+ 30. Kc2 Bxc1 31. Nxc1 $17) ({8:-0.28} 26. Ba3 26... h3 27. Kd2 Qe3+ 28.
Kc2 h2 29. Qd2 Qf3 30. Nxd4 h1=Q 31. Rxh1 31... Qxh1 $10) 26... h3 27. Qg1 ({
8:-3.33} 27. Qg1 27... Re8 28. Qh2 Qf1 29. Ng3 Qxf4+ 30. Kc2 Qxg3 31. Qd2 $19)
({8:-2.81} 27. Ba3 27... Re8 28. Qf1 Qe3+ 29. Kc2 Qxe2+ 30. Qxe2 Rxe2+ 31. Kd1
Rf2 32. Bc1 $19) 27... Re8 28. Ng3 Bxf4+ 29. Kc2 Bxg3 30. Bd2 Re2 31. Qf1 Qe3
32. Rd1 Bf4 33. Kc1 Rxd2 34. Rxd2 Qxd2+ 35. Kb1 Qc1+ 36. Qxc1 Bxc1 37. Kxc1 h2
38. Kd2 h1=Q 39. a4 g5 40. b4 Qg2+ 41. Kc1 cxb4 42. a5 0-1

[Event "ICS rated blitz match"]
[Site "207.99.83.227"]
[Date "1999.04.08"]
[Round "?"]
[White "kaspinha"]
[Black "Hossa"]
[Result "1-0"]
[WhiteElo "2175"]
[BlackElo "2544"]
[Annotator "Crafty v16.6"]
[PlyCount "127"]

{annotating for player Hossa using a scoring margin of +0.10 pawns. search
time limit is 20.00} 1. e4 1... c5 2. Nf3 Nc6 3. Bb5 a6 4. Bxc6 dxc6 5. d3 Bg4
6. O-O e6 7. h3 Bh5 8. Qe2 Bd6 9. Nbd2 Ne7 10. Nc4 O-O ({8:-0.50} 10... O-O 11.
Nxd6 Qxd6 12. c4 b5 13. Rd1 Bxf3 14. Qxf3 bxc4 15. dxc4 15... Qe5 $14) ({
8:-0.29} 10... Bc7 11. Be3 b6 12. Ncd2 O-O 13. c4 Be5 14. Rab1 $10) 11. g4 Bg6
12. Nfe5 Bxe5 ({9:-0.18} 12... Bxe5 13. Nxe5 Qd4 14. Nf3 Qd6 15. h4 f5 16. e5
Qd5 17. c4 $10) ({9:+0.21} 12... Bc7 13. Bg5 f6 14. Nxg6 Nxg6 15. Be3 b5 16.
Bxc5 bxc4 17. Bxf8 Qxf8 18. dxc4 $10) 13. Nxe5 Qd4 14. Nxg6 Nxg6 15. Rb1 Rad8
16. Be3 Qd6 17. f4 Rfe8 ({9:-0.01} 17... Rfe8 18. Qf2 b6 19. Rbd1 Rd7 20. c4
Red8 21. h4 21... e5 $10) ({9:+0.10} 17... b6 18. Qd2 a5 19. Rbd1 a4 20. c4 b5
21. b3 axb3 22. axb3 $10) 18. b3 a5 19. Qf2 b6 20. a4 Kh8 21. Rbe1 Rd7 ({
9:-0.37} 21... Rd7 22. f5 exf5 23. exf5 Ne5 24. f6 Qxf6 25. Qxf6 gxf6 26. Rxf6
26... Kg7 $14) ({9:-0.13} 21... Kg8 22. Rd1 Rd7 23. h4 Ra8 24. c4 Rad8 25. h5
25... Ne7 $10) 22. h4 Red8 23. h5 Ne7 24. Re2 Ng8 25. g5 Qe7 26. Qh4 Rd6 27.
Rh2 Qe8 28. Bc1 h6 29. Rg2 Qe7 30. Bb2 R6d7 31. Kh1 Rf8 32. Rfg1 Qd8 33. Qh3 f6
34. gxf6 Nxf6 35. Qxe6 Rd6 36. Qh3 Rd7 37. Rg6 Re7 38. Qh4 Qd6 39. Bxf6 Rxf6
40. Rxf6 Qxf6 41. Qxf6 gxf6 42. Rg6 Rf7 43. Rxh6+ Kg8 44. Rg6+ Kh8 45. Kg2 b5
46. Kg3 Kh7 47. Kg4 c4 48. dxc4 bxc4 49. bxc4 f5+ 50. exf5 Rb7 51. Rxc6 Rb4 52.
Kg5 Rxa4 53. Rc7+ Kg8 54. Kg6 Kf8 55. f6 Rxc4 56. Rxc4 Ke8 57. f7+ Ke7 58. Kg7
Ke6 59. f8=Q Kd5 60. Qc5+ Ke6 61. f5+ Kd7 62. Qc6+ Ke7 63. Re4+ Kd8 64. Re8#
1-0

[Event "ICS rated blitz match"]
[Site "207.99.83.227"]
[Date "1999.04.08"]
[Round "?"]
[White "Hossa"]
[Black "brutus"]
[Result "1-0"]
[WhiteElo "2515"]
[BlackElo "2122"]
[PlyCount "127"]

1. e4 e6 2. Nf3 d5 3. exd5 exd5 4. d4 Bd6 5. Bb5+ c6 6. Bd3 Bg4 7. O-O Ne7 8.
Nbd2 Nd7 9. Re1 Nf6 10. Nf1 O-O 11. Bg5 Ng6 12. Ne3 Be6 13. Bxg6 hxg6 14. Qe2
Qc7 15. c4 Rae8 16. Bxf6 gxf6 17. cxd5 Bxd5 18. Nxd5 Rxe2 19. Nxc7 Rxe1+ 20.
Rxe1 Bxc7 21. Re7 Rc8 22. a4 Kf8 23. Re3 Re8 24. Rxe8+ Kxe8 25. Nd2 Bb6 26. Nb3
a6 27. a5 Ba7 28. f4 Ke7 29. Kf2 Ke6 30. Ke3 Kd5 31. Kd3 f5 32. h3 c5 33. dxc5
Bxc5 34. Nd2 Bd6 35. g3 Bb4 36. Nc4 Be1 37. g4 fxg4 38. hxg4 Bg3 39. Ne5 Ke6
40. Ke4 Be1 41. f5+ gxf5+ 42. gxf5+ Ke7 43. Nc4 Bb4 44. Ke5 f6+ 45. Kd5 Kd7 46.
Nb6+ Ke7 47. Na4 Bxa5 48. Nc5 Bd2 49. Nxb7 Bc1 50. b3 Bb2 51. Kc5 Kd7 52. Kb6
Bd4+ 53. Kxa6 Kc6 54. Nd8+ Kd5 55. Kb5 Ke5 56. Nc6+ Kd5 57. Nxd4 Kxd4 58. Kc6
Ke5 59. b4 Kxf5 60. b5 Kg4 61. b6 f5 62. b7 f4 63. b8=Q f3 64. Qh2 {
brutus resigns} 1-0

[Event "ICS rated blitz match"]
[Site "207.99.83.227"]
[Date "1999.04.08"]
[Round "?"]
[White "brutus"]
[Black "Hossa"]
[Result "0-1"]
[WhiteElo "2119"]
[BlackElo "2518"]
[PlyCount "78"]

1. e4 e5 2. Nf3 Nc6 3. Bb5 a6 4. Ba4 Nf6 5. Qe2 Be7 6. c3 b5 7. Bb3 O-O 8. d3
d6 9. Nbd2 Bg4 10. h3 Bxf3 11. Nxf3 a5 12. g4 a4 13. Bc2 d5 14. Bg5 a3 15. b3
d4 16. cxd4 Nxd4 17. Nxd4 Bb4+ 18. Kf1 Qxd4 19. Kg2 Bc3 20. Raf1 Qd6 21. f4 Nd7
22. f5 f6 23. Be3 Rad8 24. h4 Nc5 25. Bxc5 Qxc5 26. Rf3 Bd4 27. g5 fxg5 28.
hxg5 Qc6 29. Rfh3 Rxf5 30. Rxh7 Rf2+ 31. Qxf2 Bxf2 32. Rh8+ Kf7 33. Rxd8 Be3
34. Bd1 Bxg5 35. Rf1+ Bf4 36. Bg4 Qh6 37. Bf5 Qh2+ 38. Kf3 Qg3+ 39. Ke2 39...
Qe3+ {brutus resigns} 0-1

[Event "ICS rated blitz match"]
[Site "207.99.83.227"]
[Date "1999.04.08"]
[Round "?"]
[White "Hossa"]
[Black "rajah"]
[Result "1-0"]
[WhiteElo "2527"]
[BlackElo "2498"]
[PlyCount "175"]

1. e4 Nf6 2. e5 Nd5 3. Nc3 Nxc3 4. dxc3 d6 5. Bf4 Nc6 6. Bb5 Bd7 7. exd6 exd6
8. Nf3 Qe7+ 9. Be3 O-O-O 10. O-O Ne5 11. Bxd7+ Qxd7 12. Nxe5 dxe5 13. Qxd7+
Rxd7 14. Rad1 Rxd1 15. Rxd1 a6 16. Rd5 f6 17. c4 c6 18. Rd3 e4 19. Rd2 h5 20.
Bb6 Be7 21. a4 g5 22. c3 g4 23. a5 Bd8 24. Bd4 c5 25. Bxc5 Bxa5 26. Rd4 Re8 27.
Rd5 h4 28. Rh5 g3 29. Rxh4 gxf2+ 30. Kxf2 f5 31. Rf4 Bc7 32. Rxf5 Bxh2 33. g4
Re6 34. Be3 Rc6 35. c5 Bc7 36. g5 Bd8 37. Kg3 Rg6 38. Kf4 Re6 39. Rf7 Bc7+ 40.
Kf5 Re5+ 41. Kg4 Re6 42. c4 a5 43. b3 Kd8 44. Kf5 Re5+ 45. Kf6 Re8 46. g6 Be5+
47. Kf5 Bc3 48. g7 Bxg7 49. Rxg7 Kc8 50. Bf4 e3 51. Rc7+ Kd8 52. Rxb7 Rf8+ 53.
Ke4 Rxf4+ 54. Kxe3 Rh4 55. Kd3 Rh6 56. Ra7 Rh3+ 57. Kc2 Rh2+ 58. Kb1 Rf2 59.
Rxa5 Rf4 60. Ra7 Rg4 61. Rh7 Kc8 62. Kb2 Rf4 63. Ka3 Kd8 64. Ka4 Rf5 65. b4 Rf4
66. Kb5 Rf3 67. Kc6 Rc3 68. b5 Rf3 69. b6 Rf6+ 70. Kb5 Rf3 71. b7 Rb3+ 72. Kc6
Rb1 73. b8=Q+ Rxb8 74. Rh8+ Ke7 75. Rxb8 Ke6 76. Re8+ Kf7 77. Rg8 Kxg8 78. Kd6
Kf7 79. c6 Kf6 80. c7 Kf5 81. c5 Kf4 82. c6 Ke3 83. c8=Q Ke4 84. c7 Ke3 85. Qf8
Kd4 86. c8=Q Ke4 87. Qh3 Kd4 88. Qf4# {rajah checkmated} 1-0

[Event "ICS rated blitz match"]
[Site "207.99.83.227"]
[Date "1999.04.08"]
[Round "?"]
[White "ama"]
[Black "Hossa"]
[Result "1-0"]
[WhiteElo "2383"]
[BlackElo "2542"]
[Annotator "Crafty v16.6"]
[PlyCount "54"]

{annotating for player Hossa using a scoring margin of +0.10 pawns. search
time limit is 20.00} 1. e3 1... Nc6 2. d4 d5 3. Bb5 Nf6 ({8:-0.56} 3... Nf6 4.
Ne2 Bg4 5. O-O Qd6 6. f3 Bf5 7. Nbc3 $14) ({8:-0.39} 3... Qd6 4. Ne2 Bg4 5. c3
Bxe2 6. Qxe2 Nf6 7. O-O 7... O-O-O $14) 4. Bd2 Bg4 5. Bxc6+ bxc6 6. f3 Bd7 7.
Ne2 e6 8. Nbc3 Rb8 ({8:+0.05} 8... Rb8 9. Rb1 Bd6 10. O-O O-O 11. Na4 e5 12.
Nc5 exd4 13. Nxd7 Qxd7 14. exd4 $10) ({8:+0.28} 8... c5 9. O-O Bd6 10. Bc1 O-O
11. Nf4 cxd4 12. Qxd4 12... e5 $10) 9. b3 Bb4 ({9:-0.09} 9... Bb4 10. Nf4 Bd6
11. Nd3 Nh5 12. O-O O-O 13. f4 13... Qh4 $10) ({9:+0.23} 9... c5 10. Bc1 cxd4
11. Qxd4 c5 12. Qe5 Be7 13. O-O O-O 14. Nf4 $10) 10. e4 c5 11. exd5 cxd4 12.
Nxd4 Bxc3 13. Bxc3 Nxd5 14. Qd2 Qh4+ 15. g3 Qe7 16. O-O-O Qa3+ ({8:-1.14} 16...
Qa3+ 17. Bb2 Qxa2 18. Nf5 f6 19. Nxg7+ Kf7 20. Qh6 Rbd8 21. Nh5 $16) ({8:-0.10
} 16... Qc5 17. Bb2 O-O 18. Qg5 f6 19. Qh5 Rfd8 20. Kb1 $10) 17. Bb2 Qxa2 18.
Nf5 f6 19. Nxg7+ Kf7 20. Qh6 c6 ({7:-5.03} 20... c6 21. Rxd5 Qxb2+ 22. Kxb2
exd5 23. Nh5 f5 24. Qf6+ 24... Kg8 $18) ({7:-2.21} 20... Qa6 $18) 21. Rxd5
Qxb2+ 22. Kxb2 cxd5 23. Nh5 Ke7 24. Nxf6 Bc6 25. Qg7+ Kd6 26. Rd1 Bb5 27. Ne4+
Kc6 1-0